5 Letter Word Chain Quiz #2 - Statistics

General Stats
  • This quiz has been taken 643 times
    410 since last reset
  • The average score is 17 of 21
Answer Stats
Hint Answer % Correct
A bird that is the symbol of the USA Eagle
98%
The opposite of late Early
98%
The top point of a compass North
96%
A white powder that sweetens up a cup of tea or coffee Sugar
95%
A fancy boat Yacht
95%
A country in the middle east Yemen
94%
The plural of another word for geek Nerds
93%
The nut that falls of an oak tree Acorn
91%
A regular tendency that someone does, can be bad Habit
89%
A song by Britney Spears; meaning poisonous Toxic
89%
A big spoon used to transport soup from pan to bowl Ladle
83%
Relating to the navy Naval
83%
The period of a royal rule Reign
81%
The plural of an animal like a sea lion Seals
81%
What you put food on to eat it Table
81%
What is used to make the black keys on a piano Ebony
78%
A line dance where people put their hands on the person in front of them's shoulders Conga
67%
An animal who is affected with Rabies Rabid
67%
The plural of a sticky fruit, often grown in the middle east Dates
66%
Someone who leaves bad comments or doesn't like your work Hater
65%
An Egyptian footballer who plays for Liverpool FC Salah
44%
No matching quizzes found
Score Distribution
Percent of People with Each Score
Percentile by Number Answered
Your Score History
You have not taken this quiz since the last reset